Kpop Songs - Statistics

General Stats
  • This quiz has been taken 98 times
  • The average score is 3 of 10
Answer Stats
Lyric Answer % Correct
Look so cute look so pretty like Ariana Queencard
78%
Kick in the door we in the coco Pink Venom
74%
Forever Forever Forever Forever
62%
People look at me and they tell me DALLA DALLA
23%
I wanna see truly Armageddon
21%
I wish I had a lover to hold me Cupid
20%
Light it up Light it up Dynamite
17%
Why you think about Nxde
17%
See the, See the black rims pink headlights The girls
10%
Fashion show, show TT
10%
No matching quizzes found
Score Distribution
Percent of People with Each Score
Percentile by Number Answered
Your Score History
You have not taken this quiz